Shorter constitution of India / (Record no. 152525)

MARC details
000 -LEADER
fixed length control field 00949nam a22002417a 4500
005 - DATE AND TIME OF LATEST TRANSACTION
control field 20180604170829.0
010 ## - LCCN (DPL NO)
LC control number ENG-123144-145
020 ## - INTERNATIONAL STANDARD BOOK NUMBER
International Standard Book Number 9788180384363 (set)
Terms of availability 5495.00 (set of 2vols.)
035 ## - SYSTEM CONTROL NUMBER
System control number EN-106676-677
082 ## - DEWEY DECIMAL CLASSIFICATION NUMBER
Classification number 342.54023
100 1# - MAIN ENTRY--PERSONAL NAME
Personal name Basu, Durga Das,
Dates associated with a name 1910-
245 10 - TITLE STATEMENT
Title Shorter constitution of India /
Statement of responsibility, etc by Durga Das Basu.
250 ## - EDITION STATEMENT
Edition statement 15th ed. /
Remainder of edition statement thoroughly rev. & revitalised by A K Patnaik,
260 ## - PUBLICATION, DISTRIBUTION, ETC. (IMPRINT)
Place of publication, distribution, etc Gurgaon :
Name of publisher, distributor, etc LexisNexis Butterworths Wadhwa Nagpur,
Date of publication, distribution, etc 2018
300 ## - PHYSICAL DESCRIPTION
Extent 2 v. (cdlxxi, 918p.; cxviii, 919-2212p.)
Dimensions 25 cm.(Hb)
500 ## - GENERAL NOTE
General note Incorporating the latest amendments brought by the Constitution (One Hundred and First Amendment) Act, 2016
500 ## - GENERAL NOTE
General note Includes indexes.
505 0# - FORMATTED CONTENTS NOTE
Formatted contents note v. 1. Art. 1 to 151 -- v. 2. Art. 152 to end.
610 10 - SUBJECT ADDED ENTRY--CORPORATE NAME
Corporate name or jurisdiction name as entry element India.
Title of a work Constitution.
650 #0 - SUBJECT ADDED ENTRY--TOPICAL TERM
Topical term or geographic name as entry element Constitutional law
Geographic subdivision India.
700 ## - ADDED ENTRY--PERSONAL NAME
Personal name Patnaik, A K
942 ## - ADDED ENTRY ELEMENTS (KOHA)
Source of classification or shelving scheme Dewey Decimal Classification
Item type English Books
Classification part 342.54023
Call number suffix BAS
Holdings
Withdrawn status Lost status Not for loan Collection code Home library Current library Date acquired Source of acquisition Cost, normal purchase price Full call number Barcode Copy number Cost, replacement price Koha item type
    Not For Loan Non-fiction D.B.Act.Division Bawana 04/06/2018 DBAD/PUB 5495.00 342.54023 BAS EN-106676 1 5495.00 English Books
    Not For Loan Non-fiction D.B.Act.Division Bawana 04/06/2018 DBAD/PUB 5495.00 342.54023 BAS EN-106677 1 5495.00 English Books

© Delhi Public Library
Hit Counter
free hit counter